000 01411cam a22002174a 4500
005 20250605163932.0
008 250528s ||||||||||||||||||||||||d
035 _a14736
020 _a195084322
040 _aGR-AtMCL
_bgre
_dGR-AtMCL
_eAACR2
245 1 _aGood News / Social Ethics and the Press
260 _bOxford University Press,
_c1993
300 _a272
520 _aAn Intellectually provocative account of journalism and ethics that will in many ways define the terms of debate for years to come. Introduction, When Culture Suppresses, Perspective and World View, The Model's Four Elements, Enlightenment Individualism, The Eighteenth-Century Mind, Libertarian Press Theory, Academic Media Ethics, Deficiences in Individual Autonomy, Normative Social Ethics, Communitarian Ethics, The Incredibility of Ethical Relativism, Mutuality, Types of Ethical Thinking, Epilogue, Civic Transformation, Patchwork of Fundamental Change?, Rethinking the Press's Mission, News: The Justice Story, News: The Making of Covenant, News: The Empowerment Story, News as Social Narrative, Organizational Culture, Two Models, Corporate Moral Agency, Organizational Discourse, The Humanized Workplace, Institutional Infrastructure, Conclusion.
700 1 _aChristians Clifford G
_9487
700 1 _aFackler Mark P
_9488
700 1 _aFerre John P
_9489
942 _cBK
999 _c356
_d356